• 首页
  • 本馆介绍
  • 公告通知
  • 最新文献
  • 馆藏检索
  • 电子资源
  • 读者导购
  • 参考咨询
  • 我的图书馆
  • 登录
  • 详细信息显示
  • 放入我的书架
  • 预约/预借图书
  • 作者相关作品
  • 分类相关作品
  • 丛书相关作品
  • 出版社相关作品

书目信息

  • 表格格式
  • 工作单格式
  • 卡片格式
题名:
国际货物运输
    
 
作者: 许明月 编著
分册:  
出版信息: 北京   中国人民大学出版社  2004
页数: 240页
开本: 23cm
丛书名:
单 册:
中图分类: F511.41
科图分类:
主题词: 国际运输--货物运输--高等学校--技术学校--教材 , 国际运输 , 货物运输
电子资源:
ISBN: 7-300-05979-1
000 00961nam0 2200277 450
000 00974nam0 2200277 450
000 00904nam0 2200253 450
000 00868oam2 2200241 45
005 20070725112952.96
010    @a7-300-05979-1@dCNY18.00
100    @a20070626d2004 em y0chiy0120 ea
101 0  @achi
102    @aCN@b110000
105    @ay z 000yy
200 1  @a国际货物运输@AGuo Ji Huo Wu Yun Shu@f许明月编著@FXu Ming Yue Bian Zhu
210    @a北京@c中国人民大学出版社@d2004
215    @a240页@d23cm
300    @a高职高专国际贸易专业系列教材
330    @a本教材分为十一章,介绍了国际贸易货物运输的各种方式。内容包括运输概论、海上货物运输基本知识、班轮运输、租船运输、海运进出口运输程序等。
606 0  @a国际运输@x货物运输@x高等学校@x技术学校@j教材
606 0  @a国际运输
606 0  @a货物运输
690    @aF511.41@v4
701  0 @a许明月@AXu Ming Yue@c(女, @f1944~)@4编著
801  0 @aCN@bTAOJIN@c20070725
905    @a10447@dF511.41@e7
    
    国际货物运输/许明月编著.-北京:中国人民大学出版社,2004
    240页;23cm
    高职高专国际贸易专业系列教材
    
    ISBN 7-300-05979-1:CNY18.00
    本教材分为十一章,介绍了国际贸易货物运输的各种方式。内容包括运输概论、海上货物运输基本知识、班轮运输、租船运输、海运进出口运输程序等。
●
相关链接 在E读中查询图书 在五车中查询图书 在当当中查询图书 在豆瓣中查询图书


正题名:国际货物运输     索取号:F511.41/7         预约/预借

序号 登录号 条形码 馆藏地/架位号 状态 备注
1 0825047   208250471   第一样本阅览室/ [索取号:F511.41/7] 在馆    
2 0825048   208250480   第一借阅区/ [索取号:F511.41/7] 在馆    
3 0825049   208250499   第一借阅区/ [索取号:F511.41/7] 在馆    
4 0825050   208250505   第一借阅区/ [索取号:F511.41/7] 在馆    
5 0825051   208250514   第一借阅区/ [索取号:F511.41/7] 在馆    
6 0825052   208250523   第一借阅区/ [索取号:F511.41/7] 在馆    
7 0825053   208250532   第一借阅区/ [索取号:F511.41/7] 在馆    
8 0825054   208250541   第一借阅区/ [索取号:F511.41/7] 在馆    
唐山师范学院图书馆 欢迎您!
大连网信软件有限公司© 版权所有